| 000 | 00714nam a2200253Ia 4500 | ||
|---|---|---|---|
| 001 | 21614 | ||
| 005 | 20260320113258.0 | ||
| 008 | 260320s9999||||xx |||||||||||||| ||und|| | ||
| 020 | _a9506412359 | ||
| 041 | _aESP | ||
| 082 |
_a658.8 _bL54 |
||
| 100 |
_aLevy, Alberto, _eAUT |
||
| 245 | 0 |
_aMarketing avanzado en la práctica _b |
|
| 246 |
_a _5 _b |
||
| 260 |
_aBuenos Aires : _bEdiciones Gránica, _c1998 |
||
| 300 |
_a282 páginas : _bcuadros ; _c22 cm. _e |
||
| 440 |
_a _n _v |
||
| 650 | _aTCA | ||
| 653 | _aMarketing | ||
| 654 | _aCAN | ||
| 700 |
_a _c |
||
| 856 |
_uhttps://ebooks7-24-com.ucsp.lookproxy.com/stage.aspx?il=&pg=&ed= _zVéase además: Base de datos Ebook7-24 |
||
| 942 |
_cLIB _dJUS _fMIP _2ddc _n |
||
| 999 |
_c21614 _d21614 |
||